| 000 | 00896nam a22003257a 4500 | ||
|---|---|---|---|
| 001 | BR7314407 | ||
| 003 | BR-BrBNA | ||
| 005 | 20230928084308.0 | ||
| 007 | ta | ||
| 008 | 230509b bl.||||| |||| 00| 0 por d | ||
| 040 |
_aBR-BrBNA _bpor _cBiblioteca Nacional de Agricultura |
||
| 041 | _a(Por) | ||
| 072 |
_aE70 _b0120 _b1410 _b1540 _b/G514 |
||
| 090 | _ 0120 BR7314407 | ||
| 100 | 1 | _aBastos, E.G. | |
| 110 | 1 | _aUniversidade Federal de Pernambuco, Recife (Brasil) | |
| 245 | 1 | _aO mercado de milho, feijao e mandioca em Pernambuco, demanda, oferta e comportamento dos precos [Brasil] | |
| 260 | 3 |
_aRecife, PE (Brasil): _c1973. |
|
| 300 | _a115 p. | ||
| 650 | _aMILHO | ||
| 650 | _aFEIJAO | ||
| 650 | _aMANDIOCA | ||
| 650 | _aMERCADO | ||
| 650 | _aDEMANDA | ||
| 650 | _aOFERTA | ||
| 650 | _aPRECO | ||
| 650 | _aPERNAMBUCO | ||
| 909 |
_a202309 _bLucia _c55 _dLucia Elande |
||
| 942 | _cBK | ||
| 999 |
_c17988 _d17988 |
||